Biblioteca y Centro de Documentación

Vista normal Vista MARC

Entrada Nombre personal

Número de registros utilizados en: 2

001 - NÚMERO DE CONTROL

  • Campo de control: 16471

003 - IDENTIFICADOR DE NÚMERO DE CONTROL

  • Campo de control: ES-MaCES

005 - FECHA Y HORA DE LA ULTIMA MODIFICACION

  • Campo de control: 20240528115103.0

008 - ELEMENTOS DE DATOS DE LONGITUD FIJA

  • Campo de longitud fija: 070622 | azznnaabn |n aaa d

035 ## - NÚMERO DE CONTROL DEL SISTEMA

  • Número de control del sistema: CES20070005364n

040 ## - FUENTE DE LA CATALOGACIÓN

  • Agencia original de catalogación: ES-MaCES
  • Idioma de catalogación: spa
  • Agencia de transcripción: ES-MaCES

100 1# - ENCABEZAMIENTO--NOMBRE DE PERSONA

  • Nombre personal: León, Berna

400 ## - TRAZADO VEÁSE--NOMBRE DE PERSONA

  • Nombre personal: León, Bernardino

670 ## - FUENTE DE DATOS ENCONTRADOS

  • Fuente de citación: La desiguald en España (bib 53209)
  • Información encontrada: investigador doctoral y docente en Sciences Po y director de Future Policy Lab.

901 ## - CES. DATOS SIRTEX

  • ID Sirtex (N5N8): 0001500018877
  • 005BIS Sirtex: 200706221204ALORITE
© CES, Consejo Económico y Social de España 2021